<?xml version="1.0" encoding="UTF-8"?><?xml-stylesheet type="text/xsl" href="static/style.xsl"?><OAI-PMH xmlns="http://www.openarchives.org/OAI/2.0/" xmlns:xsi="http://www.w3.org/2001/XMLSchema-instance" xsi:schemaLocation="http://www.openarchives.org/OAI/2.0/ http://www.openarchives.org/OAI/2.0/OAI-PMH.xsd"><responseDate>2026-06-01T08:31:55Z</responseDate><request verb="GetRecord" identifier="oai:riuma.uma.es:10630/45806" metadataPrefix="marc">https://riuma.uma.es/rest/oai/request</request><GetRecord><record><header><identifier>oai:riuma.uma.es:10630/45806</identifier><datestamp>2026-02-28T00:47:26Z</datestamp><setSpec>com_10630_2254</setSpec><setSpec>col_10630_37953</setSpec></header><metadata><record xmlns="http://www.loc.gov/MARC21/slim" xmlns:dcterms="http://purl.org/dc/terms/" xmlns:doc="http://www.lyncode.com/xoai" xmlns:xsi="http://www.w3.org/2001/XMLSchema-instance" xsi:schemaLocation="http://www.loc.gov/MARC21/slim http://www.loc.gov/standards/marcxml/schema/MARC21slim.xsd">
   <leader>00925njm 22002777a 4500</leader>
   <datafield ind2=" " ind1=" " tag="042">
      <subfield code="a">dc</subfield>
   </datafield>
   <datafield ind2=" " ind1=" " tag="720">
      <subfield code="a">Triviño-Cabrera, Laura</subfield>
      <subfield code="e">author</subfield>
   </datafield>
   <datafield ind2=" " ind1=" " tag="720">
      <subfield code="a">Chaves-Guerrero, Elisa Isabel</subfield>
      <subfield code="e">author</subfield>
   </datafield>
   <datafield ind2=" " ind1=" " tag="260">
      <subfield code="c">2020</subfield>
   </datafield>
   <datafield ind2=" " ind1=" " tag="520">
      <subfield code="a">El presente artículo es una reflexión teórica sobre la educación para la ciudadanía y su papel en la formación del profesorado de Ciencias Sociales. Partiendo de los planteamientos del profesor Ernesto Gómez, nos preguntamos la situación por la que atraviesa la Postmodernidad como posible “metarrelato” y sus repercusiones en educación para la ciudadanía global. El texto tiene como objeto que la comunidad educativa, especialmente, el profesorado de Ciencias Sociales, piense críticamente en la influencia del contexto postmoderno en la aparición de conceptos post- como postfeminismo, postmachismo, postverdad, postfacismo… que, en algunos casos, son seña de identidad de las nuevas generaciones de maestras y maestros en formación que integran nuestras aulas. Se establecen dos apartados fundamentales que ahondan en el paso de una educación ciudadana de la luz de la Modernidad a la pluralidad de colores de la Postmodernidad; para posteriormente, reflexionar sobre los pros y los contras de la Educación para la Ciudadanía Global en el contexto postmoderno. Finalmente, el artículo finaliza con la clave del interrogante que inicia este trabajo, la formación del profesorado de Ciencias Sociales en educación ciudadana.</subfield>
   </datafield>
   <datafield ind1="8" ind2=" " tag="024">
      <subfield code="a">Cabrera, L. T., &amp; Guerrero, E. I. C. (2020). Cuando la Postmodernidad es un metarrelato más, ¿en qué educación ciudadana formar al profesorado?. REIDICS. Revista de Investigación en Didáctica de las Ciencias Sociales, (7), 82-96.</subfield>
   </datafield>
   <datafield ind1="8" ind2=" " tag="024">
      <subfield code="a">https://hdl.handle.net/10630/45806</subfield>
   </datafield>
   <datafield ind1="8" ind2=" " tag="024">
      <subfield code="a">10.17398/2531-0968.07.82</subfield>
   </datafield>
   <datafield tag="653" ind2=" " ind1=" ">
      <subfield code="a">Investigación activa en educación</subfield>
   </datafield>
   <datafield tag="653" ind2=" " ind1=" ">
      <subfield code="a">Profesores - Formación profesional</subfield>
   </datafield>
   <datafield ind2="0" ind1="0" tag="245">
      <subfield code="a">Cuando la Postmodernidad es un metarrelato más, ¿en qué educación ciudadana formar al profesorado?</subfield>
   </datafield>
</record>
</metadata></record></GetRecord></OAI-PMH>